| 000 | 00386nam a2200145Ia 4500 | ||
|---|---|---|---|
| 008 | 240624s9999 xx 000 0 und d | ||
| 041 | _aeng | ||
| 082 | _a371.102 ROG | ||
| 100 | _aROGERS BILL | ||
| 245 | _aBEHAVIOUR MANAGEMENT A WHOLE SCHOOL APPR | ||
| 250 | _a(2nd ed.) | ||
| 260 |
_c2007 _aLondon _bPaul Chapman Publishing |
||
| 300 | _ax, : 294 : p. : cm. ; 23 | ||
| 365 |
_cGBP _b28 |
||
| 999 |
_c22492 _d22492 |
||